Online
Catalog

Process instruments and controls handbook. / (Record no. 10539)

MARC details
000 -CABECERA
campo de control de longitud fija 00851cam a22002411 4500
001 - NÚMERO DE CONTROL
campo de control 000010787
005 - FECHA Y HORA DE LA ÚLTIMA TRANSACCIÓN
campo de control 20200929162307.0
008 - DATOS DE LONGITUD FIJA--INFORMACIÓN GENERAL
campo de control de longitud fija 730522s1957 nyua b 000 0 eng
010 ## - NÚMERO DE CONTROL DE LA BIBLIOTECA DEL CONGRESO
Número de control de LC 56008169
040 ## - FUENTE DE LA CATALOGACIÓN
Centro catalogador/agencia de origen DO-SdBNP
Centro/agencia transcriptor DLC
Centro/agencia modificador DLC
050 00 - SIGNATURA TOPOGRÁFICA DE LA BIBLIOTECA DEL CONGRESO
Número de clasificación TA165
Número de documento/Ítem .C65
082 00 - NÚMERO DE LA CLASIFICACIÓN DECIMAL DEWEY
Número de clasificación 620.78
100 1# - ENTRADA PRINCIPAL--NOMBRE DE PERSONA
Nombre de persona Considine, Douglas M.,
Término indicativo de función/relación ed.
9 (RLIN) 26061
245 10 - MENCIÓN DE TÍTULO
Título Process instruments and controls handbook. /
Mención de responsabilidad, etc. Prepared by a staff of specialists; Douglas M. Considine, editor-in-chief.
260 ## - PUBLICACIÓN, DISTRIBUCIÓN, ETC.
Lugar de publicación, distribución, etc. New York, :
Nombre del editor, distribuidor, etc. McGraw-Hill,
Fecha de publicación, distribución, etc. 1957.
300 ## - DESCRIPCIÓN FÍSICA
Extensión 1 v. (various pagings) :
Otras características físicas diagrs., tables. ;
Dimensiones 24 cm.
490 0# - MENCIÓN DE SERIE
Mención de serie McGraw-Hill handbooks
504 ## - NOTA DE BIBLIOGRAFÍA, ETC.
Nota de bibliografía, etc. Includes bibliographies.
650 #0 - PUNTO DE ACCESO ADICIONAL DE MATERIA--TÉRMINO DE MATERIA
Término de materia o nombre geográfico como elemento de entrada Engineering instruments.
9 (RLIN) 26062
650 #0 - PUNTO DE ACCESO ADICIONAL DE MATERIA--TÉRMINO DE MATERIA
Término de materia o nombre geográfico como elemento de entrada Automatic control.
9 (RLIN) 26063
650 #0 - PUNTO DE ACCESO ADICIONAL DE MATERIA--TÉRMINO DE MATERIA
Término de materia o nombre geográfico como elemento de entrada Scientific apparatus and instruments.
9 (RLIN) 26064
910 ## - DATOS DE OPCIÓN DEL USUARIO (OCLC)
Datos de opción del usuario Catalogación por copia / LC
Holdings
Estado de retiro Estado de pérdida Restricciones de uso No para préstamo Código de colección Localización permanente Ubicación/localización actual Ubicación en estantería Fecha de adquisición Número de inventario Total de préstamos Signatura topográfica completa Código de barras Fecha visto por última vez Precio válido a partir de Tipo de ítem Koha
        Monografías: Libros y Folletos General General Depósito 10.10.2009 LF1   620.78 10787-10 25.06.2020 25.06.2020 Préstamo en sala

Powered by Koha